20 plus longs fleuves d'Italie sur une carte - Statistiques

Statistiques générales
  • Ce quiz a été pris 169 fois
  • Le résultat moyen est 4 sur 20
Réponses sur la Carte
Les réponses sont colorées sur une échelle allant du rouge au vert en fonction du pourcentage des utilisateurs qui les ont devinées à leur premier essai. Vous pouvez retrouver ces pourcentages ci-dessous.
 
Statistiques - réponses
Longueur (km) Fleuve % Correct
652
100%
405 Tibre
84%
241 Arno
61%
410 Adige
48%
220 Piave
21%
210 Reno
14%
170 Tagliamento
12%
175 Volturno
12%
140 Isonzo
11%
174 Brenta
9%
158 Liri-Galigliano
8%
136 Agri
5%
170 Aufide
5%
161 Ombrone
5%
153 Tirso
5%
145 Alterno-Pescara
4%
149 Basento
4%
127 Flumendosa
4%
126 Savio
3%
144 Imera méridionale-Salso
2%
Aucun quiz correspondant
Distribution des résultats
% des personnes avec chaque résultat
Percentile par nombre de réponses
Votre historique - résultats
Vous n’avez pas pris ce quiz